00308nam a22001097a 4500082002600000100002700026245005100053260003000104300001800134526003700152650000900189 a423bZAMcN-01, P-146 aZaman M, Akhtar Naveed aRabia 21st concise dictionary: Urdu to English aLahore:bRabia Book House a704 p ;c18cm a0b0c0d423_000000000000000_ZAM aNUST